00185nam a2200073Ia 4500008004100000100002100041245003400062260001500096170617s9999 xx 000 0 und d aGanong-William.F 0aReview of Medical Physicology bKamini Pub